000 00284nam a22001337a 4500
008 190223b xxu||||| |||| 00| 0 eng d
020 _a9780073520865
041 _aeng
080 _26th
_a615
100 _a5
101 _aFAR
245 _aPhamacology
_cHitner, H
942 _2udc
_cBK
999 _c54151
_d54151